| 000 | 01067cam a2200229 4500 | ||
|---|---|---|---|
| 001 | ##L134464 | ||
| 008 | 060808n2006 000 0 eng u | ||
| 020 | _a0105429066 | ||
| 035 | _a(Sirsi) u134464 | ||
| 041 | 0 | _aeng | |
| 050 | 0 | 4 | _a343.07 $2 18 |
| 245 | 0 | 0 | _aCompensation Act 2006 |
| 260 |
_aLondon _bTSO _c2006 |
||
| 520 | _aReceived Royal Assent on 25 July 2006. Part I, s3, establishes joint and several liability in cases where a person has contracted mesothelioma as a result of being negligently exposed to asbestos. This will enable victims of mesothelioma to receive full compensation from any responsible person; that person will then be able to claim contributions from any other responsible persons. | ||
| 590 | _aIKA220806, KA | ||
| 650 | 2 | 4 | _aCOMPENSATION ACT 2006 |
| 650 | 2 | 4 | _aCOMPENSATION ACT 2006 S3 |
| 651 | 4 |
_aUnited Kingdom _y |
|
| 690 | _aMANAGEMENT-HEALTH AND SAFETY-HAZARDOUS SUBSTANCES-ASBESTOS | ||
| 856 | 4 | 1 |
_uhttps://www.opsi.gov.uk/acts/acts2006/20060029.htm _zView the item free of charge at www.opsi.gov.uk... |
| 942 | _n0 | ||
| 999 |
_c105685 _d105685 |
||